Perpectivas en estadística e investigación operativa /
Contiene: Teoría de la Información: aplicaciones; estadística computacional; Predicción dinámica mediante redes neuronales; Modelado estadístico mediante redes de neuronas artificiales; Auxiliaridad, condicionamiento y test exacto de Fisher; Modelización estadística de sistemas socioeconómicos; Mode...
Guardat en:
| Autor principal: | |
|---|---|
| Altres autors: | |
| Format: | Llibre |
| Idioma: | espanyol |
| Publicat: |
Jaén, España :
Universidad de Jaén,
2000, c2000
|
| Matèries: | |
| Etiquetes: |
Sense etiquetes, Sigues el primer a etiquetar aquest registre!
|
MARC
| LEADER | 00000nam^a2200000^a^4500 | ||
|---|---|---|---|
| 001 | 000136017 | ||
| 005 | 20250521000000.0 | ||
| 009 | 20260310095304.788 | ||
| 020 | |a 84-8439-034-9 | ||
| 037 | |a Acervo ITESO - Biblioteca | ||
| 041 | |a ESP | ||
| 082 | |a 121. 954 |b PAS | ||
| 100 | |a Pascual Acosta, Antonio |e (edición) | ||
| 245 | 1 | 0 | |a Perpectivas en estadística e investigación operativa / |c Ed. de A. Pascual Acosta, L. Parras Guijosa ; pról. de Magdalena Alvarez Arza. |
| 264 | 4 | |a Jaén, España : |b Universidad de Jaén, |c 2000, c2000 | |
| 300 | |a 423 p. | ||
| 336 | |a texto |b txt |2 rdacontenido | ||
| 337 | |a sin mediación |b n |2 rdamedio | ||
| 338 | |a volumen |b nc |2 rdasoporte | ||
| 520 | |a Contiene: Teoría de la Información: aplicaciones; estadística computacional; Predicción dinámica mediante redes neuronales; Modelado estadístico mediante redes de neuronas artificiales; Auxiliaridad, condicionamiento y test exacto de Fisher; Modelización estadística de sistemas socioeconómicos; Modelos causales; Multidimensional scaling; Estimación en familias paramétricas; Aproximación al control de calidad moderno; La renta disponible en España y Andalucía: descripción, desigualdad y modelización; Muestreo en poblaciones especiales o atípicas; Optimización global: aplicaciones; Programación múltiple; métodos de localización. | ||
| 649 | |a XX | ||
| 650 | |a Comunicación en Red | ||
| 650 | |a Redes de Computadoras | ||
| 650 | |a Proceso de Datos - |x Estadísticas | ||
| 650 | |a Redes Neurales | ||
| 650 | |a Inteligencia Artificial | ||
| 650 | |a Ingeniería Computacional | ||
| 700 | |a Parras Guijosa, Luis |e (edición) | ||
| 910 | |a Fondo General | ||
| 920 | |a Impresos - Libros | ||
| 930 | |a Colección General | ||
| 905 | |a 101 | ||
| 901 | |a 0500064876 |b IT1 |c ACC |u 20250521 | ||
| 902 | |a https://opac.biblio.iteso.mx/vufind/Record/000136017 | ||